[Event "British Rapidplay Championship 2023"]
[Site "Mercure Bradford, Bankfield Hotel"]
[Date "2023.04.15"]
[Round "1.30"]
[White "Parr, Thomas"]
[Black "McCarthy, Damian M"]
[Result "0-1"]
[TimeControl "All moves in 15 minutes plus 10 second increment per move from move 1"]
[WhiteElo "1324"]
[BlackElo "1886"]

1. d4 {[%clk 00:15:17]} {[%emt 00:00:02]} Nf6 {[%clk 00:15:18]} {[%emt
00:00:03]} 2. c4 {[%clk 00:15:25]} {[%emt 00:00:02]} e6 {[%clk 00:15:25]}
{[%emt 00:00:02]} 3. Nf3 {[%clk 00:15:31]} {[%emt 00:00:04]} Bb4+ {[%clk
00:15:29]} {[%emt 00:00:06]} 4. Bd2 {[%clk 00:15:39]} {[%emt 00:00:02]} Qe7
{[%clk 00:15:35]} {[%emt 00:00:04]} 5. g3 {[%clk 00:15:43]} {[%emt 00:00:06]}
Nc6 {[%clk 00:15:37]} {[%emt 00:00:08]} 6. Bg2 {[%clk 00:15:50]} {[%emt
00:00:03]} Bxd2+ {[%clk 00:15:43]} {[%emt 00:00:05]} 7. Nbxd2 {[%clk 00:15:56]}
{[%emt 00:00:04]} d6 {[%clk 00:15:40]} {[%emt 00:00:13]} 8. O-O {[%clk
00:15:58]} {[%emt 00:00:08]} O-O {[%clk 00:15:45]} {[%emt 00:00:04]} 9. Re1
{[%clk 00:15:15]} {[%emt 00:00:53]} a5 {[%clk 00:15:30]} {[%emt 00:00:25]} 10.
a3 {[%clk 00:15:06]} {[%emt 00:00:19]} e5 {[%clk 00:15:15]} {[%emt 00:00:24]}
11. dxe5 {[%clk 00:14:16]} {[%emt 00:01:01]} dxe5 {[%clk 00:15:14]} {[%emt
00:00:12]} 12. e3 {[%clk 00:14:03]} {[%emt 00:00:22]} h6 {[%clk 00:13:53]}
{[%emt 00:01:31]} 13. Qc2 {[%clk 00:13:35]} {[%emt 00:00:38]} Bg4 {[%clk
00:12:42]} {[%emt 00:01:21]} 14. h3 {[%clk 00:11:49]} {[%emt 00:01:56]} Be6
{[%clk 00:12:39]} {[%emt 00:00:13]} 15. Rad1 {[%clk 00:11:03]} {[%emt
00:00:56]} Nd7 {[%clk 00:12:11]} {[%emt 00:00:38]} 16. Qc3 {[%clk 00:09:11]}
{[%emt 00:02:02]} f5 {[%clk 00:09:26]} {[%emt 00:02:55]} 17. e4 {[%clk
00:08:02]} {[%emt 00:01:20]} f4 {[%clk 00:09:05]} {[%emt 00:00:30]} 18. g4
{[%clk 00:07:45]} {[%emt 00:00:27]} Rfd8 {[%clk 00:08:18]} {[%emt 00:00:57]} 19.
Bf1 {[%clk 00:06:48]} {[%emt 00:01:07]} Bf7 {[%clk 00:07:09]} {[%emt 00:01:19]}
20. Nb3 {[%clk 00:04:19]} {[%emt 00:02:39]} a4 {[%clk 00:07:09]} {[%emt
00:00:10]} 21. Nc1 {[%clk 00:04:19]} {[%emt 00:00:10]} Nc5 {[%clk 00:07:06]}
{[%emt 00:00:12]} 22. Nd3 {[%clk 00:04:05]} {[%emt 00:00:25]} Nxd3 {[%clk
00:06:20]} {[%emt 00:00:56]} 23. Rxd3 {[%clk 00:03:47]} {[%emt 00:00:28]} Rxd3
{[%clk 00:05:15]} {[%emt 00:01:16]} 24. Qxd3 {[%clk 00:03:40]} {[%emt
00:00:17]} b6 {[%clk 00:00:53]} {[%emt 00:04:32]} 25. Rd1 {[%clk 00:02:55]}
{[%emt 00:00:55]} Be6 {[%clk 00:00:40]} {[%emt 00:00:23]} 26. Qc3 {[%clk
00:02:12]} {[%emt 00:00:53]} Qc5 {[%clk 00:00:46]} {[%emt 00:00:04]} 27. Nh4
{[%clk 00:00:45]} {[%emt 00:01:37]} Nd4 {[%clk 00:00:45]} {[%emt 00:00:12]} 28.
Nf5 {[%clk 00:00:31]} {[%emt 00:00:23]} Bxf5 {[%clk 00:00:39]} {[%emt
00:00:16]} 29. exf5 {[%clk 00:00:22]} {[%emt 00:00:18]} Rd8 {[%clk 00:00:30]}
{[%emt 00:00:20]} 30. Bg2 {[%clk 00:00:21]} {[%emt 00:00:11]} Ne2+ {[%clk
00:00:23]} {[%emt 00:00:17]} 0-1

[Event "British Rapidplay Championship 2023"]
[Site "Mercure Bradford, Bankfield Hotel"]
[Date "2023.04.15"]
[Round "1.31"]
[White "Fava, Lorenzo"]
[Black "Rogowski, Rafal"]
[Result "1-0"]
[TimeControl "All moves in 15 minutes plus 10 second increment per move from move 1"]
[WhiteElo "1875"]
[BlackElo "1291"]

1. c4 {[%clk 00:15:18]} Nf6 {[%clk 00:15:14]} {[%emt 00:00:07]} 2. d4 {[%clk
00:15:27]} {[%emt 00:00:02]} d5 {[%clk 00:15:21]} {[%emt 00:00:02]} 3. cxd5
{[%clk 00:15:35]} {[%emt 00:00:02]} Nxd5 {[%clk 00:15:29]} {[%emt 00:00:02]} 4.
e4 {[%clk 00:15:43]} {[%emt 00:00:02]} Nf6 {[%clk 00:15:36]} {[%emt 00:00:03]}
5. Nc3 {[%clk 00:15:32]} {[%emt 00:00:21]} e6 {[%clk 00:15:37]} {[%emt
00:00:10]} 6. Nf3 {[%clk 00:15:34]} {[%emt 00:00:08]} c5 {[%clk 00:15:38]}
{[%emt 00:00:08]} 7. Bf4 {[%clk 00:14:25]} {[%emt 00:01:19]} a6 {[%clk
00:14:44]} {[%emt 00:01:04]} 8. d5 {[%clk 00:13:33]} {[%emt 00:01:02]} exd5
{[%clk 00:12:47]} {[%emt 00:02:07]} 9. e5 {[%clk 00:13:42]} Nh5 {[%clk
00:11:33]} {[%emt 00:01:24]} 10. Bg5 {[%clk 00:13:41]} {[%emt 00:00:11]} f6
{[%clk 00:11:15]} {[%emt 00:00:27]} 11. exf6 {[%clk 00:13:35]} {[%emt
00:00:17]} Nxf6 {[%clk 00:11:24]} {[%emt 00:00:01]} 12. Bxf6 {[%clk 00:13:15]}
{[%emt 00:00:31]} Qxf6 {[%clk 00:10:21]} {[%emt 00:01:12]} 13. Nxd5 {[%clk
00:11:14]} {[%emt 00:02:11]} Qe6+ {[%clk 00:09:49]} {[%emt 00:00:42]} 14. Be2
{[%clk 00:11:14]} {[%emt 00:00:10]} Bd6 {[%clk 00:09:25]} {[%emt 00:00:34]} 15.
Nb6 {[%clk 00:11:05]} {[%emt 00:00:20]} Ra7 {[%clk 00:07:55]} {[%emt 00:01:40]}
16. Nxc8 {[%clk 00:11:13]} {[%emt 00:00:02]} Qxc8 {[%clk 00:07:54]} {[%emt
00:00:10]} 17. Qxd6 {[%clk 00:11:20]} {[%emt 00:00:03]} Nd7 {[%clk 00:07:57]}
{[%emt 00:00:07]} 18. O-O {[%clk 00:11:20]} {[%emt 00:00:10]} Rf8 {[%clk
00:07:13]} {[%emt 00:00:53]} 19. Bc4 {[%clk 00:11:24]} {[%emt 00:00:06]} 1-0

[Event "British Rapidplay Championship 2023"]
[Site "Mercure Bradford, Bankfield Hotel"]
[Date "2023.04.15"]
[Round "1.32"]
[White "Singh, Adamjeet"]
[Black "Buckley, Colm"]
[Result "0-1"]
[TimeControl "All moves in 15 minutes plus 10 second increment per move from move 1"]
[WhiteElo "1213"]
[BlackElo "1870"]

1. d4 {[%clk 00:15:17]} {[%emt 00:00:03]} e6 {[%clk 00:15:18]} {[%emt
00:00:03]} 2. e4 {[%clk 00:15:24]} {[%emt 00:00:02]} d5 {[%clk 00:15:25]}
{[%emt 00:00:03]} 3. e5 {[%clk 00:15:31]} {[%emt 00:00:03]} c5 {[%clk
00:15:32]} {[%emt 00:00:03]} 4. c3 {[%clk 00:15:39]} {[%emt 00:00:03]} Nc6
{[%clk 00:15:38]} {[%emt 00:00:03]} 5. Nf3 {[%clk 00:15:46]} {[%emt 00:00:03]}
Bd7 {[%clk 00:15:43]} {[%emt 00:00:06]} 6. Bb5 {[%clk 00:15:49]} {[%emt
00:00:06]} Nxe5 {[%clk 00:14:22]} {[%emt 00:01:31]} 7. Nxe5 {[%clk 00:15:21]}
{[%emt 00:00:38]} Bxb5 {[%clk 00:14:25]} {[%emt 00:00:08]} 8. Be3 {[%clk
00:15:13]} {[%emt 00:00:17]} cxd4 {[%clk 00:13:49]} {[%emt 00:00:47]} 9. Bxd4
{[%clk 00:15:08]} {[%emt 00:00:14]} Nf6 {[%clk 00:13:30]} {[%emt 00:00:29]} 10.
Qb3 {[%clk 00:15:09]} {[%emt 00:00:09]} Bc6 {[%clk 00:13:06]} {[%emt 00:00:34]}
11. O-O {[%clk 00:14:55]} {[%emt 00:00:24]} Be7 {[%clk 00:13:06]} {[%emt
00:00:11]} 12. Nd2 {[%clk 00:14:52]} {[%emt 00:00:13]} O-O {[%clk 00:12:58]}
{[%emt 00:00:18]} 13. Rfd1 {[%clk 00:14:56]} {[%emt 00:00:06]} Nd7 {[%clk
00:12:14]} {[%emt 00:00:53]} 14. Ndf3 {[%clk 00:14:17]} {[%emt 00:00:49]} Nxe5
{[%clk 00:11:31]} {[%emt 00:00:53]} 15. Nxe5 {[%clk 00:14:17]} {[%emt
00:00:09]} Qc7 {[%clk 00:11:14]} {[%emt 00:00:29]} 16. Rac1 {[%clk 00:13:46]}
{[%emt 00:00:41]} Bd6 {[%clk 00:11:12]} {[%emt 00:00:12]} 17. Nxc6 {[%clk
00:13:29]} {[%emt 00:00:25]} bxc6 {[%clk 00:11:09]} {[%emt 00:00:14]} 18. h3
{[%clk 00:13:22]} {[%emt 00:00:18]} c5 {[%clk 00:10:46]} {[%emt 00:00:32]} 19.
Be3 {[%clk 00:13:24]} {[%emt 00:00:08]} Rab8 {[%clk 00:10:25]} {[%emt
00:00:32]} 20. Qc2 {[%clk 00:13:26]} {[%emt 00:00:07]} Rb7 {[%clk 00:10:19]}
{[%emt 00:00:16]} 21. b3 {[%clk 00:12:48]} {[%emt 00:00:49]} Be5 {[%clk
00:09:58]} {[%emt 00:00:31]} 22. Bd2 {[%clk 00:11:36]} {[%emt 00:01:22]} c4
{[%clk 00:09:32]} {[%emt 00:00:36]} 23. b4 {[%clk 00:11:34]} {[%emt 00:00:13]}
a5 {[%clk 00:09:13]} {[%emt 00:00:28]} 24. a3 {[%clk 00:11:31]} {[%emt
00:00:12]} Ra8 {[%clk 00:08:33]} {[%emt 00:00:50]} 25. Ra1 {[%clk 00:11:27]}
{[%emt 00:00:15]} Rba7 {[%clk 00:08:27]} {[%emt 00:00:16]} 26. Be3 {[%clk
00:11:19]} {[%emt 00:00:17]} Ra6 {[%clk 00:08:33]} {[%emt 00:00:04]} 27. Bc5
{[%clk 00:11:19]} {[%emt 00:00:11]} axb4 {[%clk 00:08:25]} {[%emt 00:00:17]} 28.
Bxb4 {[%clk 00:11:16]} {[%emt 00:00:12]} Bd6 {[%clk 00:08:20]} {[%emt
00:00:17]} 29. Qb2 {[%clk 00:11:10]} {[%emt 00:00:16]} h6 {[%clk 00:07:33]}
{[%emt 00:00:57]} 30. Re1 {[%clk 00:11:04]} {[%emt 00:00:16]} Bc5 {[%clk
00:07:02]} {[%emt 00:00:40]} 31. Rec1 {[%clk 00:10:49]} {[%emt 00:00:25]} Qa7
{[%clk 00:06:42]} {[%emt 00:00:30]} 32. Ra2 {[%clk 00:10:03]} {[%emt 00:00:58]}
Bxb4 {[%clk 00:06:30]} {[%emt 00:00:21]} 33. cxb4 {[%clk 00:10:08]} {[%emt
00:00:04]} Rxa3 {[%clk 00:06:28]} {[%emt 00:00:12]} 34. Rxa3 {[%clk 00:10:06]}
{[%emt 00:00:10]} Qxa3 {[%clk 00:06:35]} {[%emt 00:00:06]} 35. Qxa3 {[%clk
00:10:11]} {[%emt 00:00:03]} Rxa3 {[%clk 00:06:42]} {[%emt 00:00:04]} 36. Rb1
{[%clk 00:10:12]} {[%emt 00:00:09]} Kf8 {[%clk 00:06:27]} {[%emt 00:00:25]} 37.
Kf1 {[%clk 00:10:02]} {[%emt 00:00:20]} Rb3 {[%clk 00:06:34]} {[%emt 00:00:04]}
38. Rc1 {[%clk 00:10:05]} {[%emt 00:00:07]} Rxb4 {[%clk 00:06:42]} {[%emt
00:00:02]} 39. Ke1 {[%clk 00:10:09]} {[%emt 00:00:06]} Rb2 {[%clk 00:06:48]}
{[%emt 00:00:04]} 40. Kf1 {[%clk 00:10:15]} {[%emt 00:00:03]} Ke7 {[%clk
00:06:56]} {[%emt 00:00:03]} 41. Ke1 {[%clk 00:10:24]} {[%emt 00:00:01]} Kd6
{[%clk 00:07:04]} {[%emt 00:00:02]} 42. g3 {[%clk 00:10:27]} {[%emt 00:00:07]}
Kc5 {[%clk 00:07:12]} {[%emt 00:00:02]} 43. h4 {[%clk 00:10:32]} {[%emt
00:00:05]} d4 {[%emt 00:00:07]} 0-1

[Event "British Rapidplay Championship 2023"]
[Site "Mercure Bradford, Bankfield Hotel"]
[Date "2023.04.15"]
[Round "1.33"]
[White "Gopakumar, Siddharth"]
[Black "Hutchinson, Stephen A"]
[Result "1-0"]
[TimeControl "All moves in 15 minutes plus 10 second increment per move from move 1"]
[WhiteElo "1870"]
[BlackElo "1142"]

1. e4 {[%clk 00:15:18]} {[%emt 00:00:02]} e5 {[%clk 00:15:17]} {[%emt
00:00:02]} 2. Nf3 {[%clk 00:15:25]} {[%emt 00:00:03]} Nc6 {[%clk 00:15:23]}
{[%emt 00:00:05]} 3. Bc4 {[%clk 00:15:33]} {[%emt 00:00:02]} Bc5 {[%clk
00:15:28]} {[%emt 00:00:05]} 4. c3 {[%clk 00:15:41]} {[%emt 00:00:03]} d6
{[%clk 00:15:35]} {[%emt 00:00:03]} 5. O-O {[%clk 00:15:37]} {[%emt 00:00:13]}
Nf6 {[%clk 00:15:42]} {[%emt 00:00:03]} 6. d4 {[%clk 00:15:40]} {[%emt
00:00:07]} Bb6 {[%clk 00:15:46]} {[%emt 00:00:05]} 7. dxe5 {[%clk 00:15:44]}
{[%emt 00:00:07]} dxe5 {[%clk 00:15:51]} {[%emt 00:00:04]} 8. Qxd8+ {[%clk
00:15:48]} {[%emt 00:00:07]} Nxd8 {[%clk 00:15:57]} {[%emt 00:00:04]} 9. Nxe5
{[%clk 00:15:50]} {[%emt 00:00:08]} O-O {[%clk 00:15:51]} {[%emt 00:00:16]} 10.
Nd2 {[%clk 00:15:43]} {[%emt 00:00:17]} h6 {[%clk 00:15:57]} {[%emt 00:00:03]}
11. Nef3 {[%clk 00:15:18]} {[%emt 00:00:36]} Be6 {[%clk 00:16:01]} {[%emt
00:00:06]} 12. e5 {[%clk 00:15:08]} {[%emt 00:00:20]} Nh7 {[%clk 00:15:52]}
{[%emt 00:00:19]} 13. Nd4 {[%clk 00:15:04]} {[%emt 00:00:14]} Bxd4 {[%clk
00:15:54]} {[%emt 00:00:08]} 14. cxd4 {[%clk 00:15:12]} {[%emt 00:00:03]} a6
{[%clk 00:15:56]} {[%emt 00:00:07]} 15. d5 {[%clk 00:14:57]} {[%emt 00:00:25]}
Bf5 {[%clk 00:15:52]} {[%emt 00:00:13]} 16. Nf3 {[%clk 00:14:51]} {[%emt
00:00:17]} b5 {[%clk 00:15:57]} {[%emt 00:00:03]} 17. Bb3 {[%clk 00:14:58]}
{[%emt 00:00:05]} a5 {[%clk 00:15:56]} {[%emt 00:00:11]} 18. a4 {[%clk
00:15:04]} {[%emt 00:00:04]} bxa4 {[%clk 00:15:57]} {[%emt 00:00:10]} 19. Rxa4
{[%clk 00:14:58]} {[%emt 00:00:15]} Bd7 {[%clk 00:16:01]} {[%emt 00:00:05]} 20.
Rd4 {[%clk 00:14:56]} {[%emt 00:00:12]} Nb7 {[%clk 00:15:58]} {[%emt 00:00:14]}
21. e6 {[%clk 00:14:32]} {[%emt 00:00:34]} fxe6 {[%clk 00:16:05]} {[%emt
00:00:03]} 22. dxe6 {[%clk 00:14:40]} {[%emt 00:00:03]} Bb5 {[%clk 00:16:10]}
{[%emt 00:00:04]} 23. e7+ {[%clk 00:14:44]} {[%emt 00:00:06]} Rf7 {[%clk
00:15:50]} {[%emt 00:01:02]} 24. Ne5 {[%clk 00:15:48]} {[%emt 00:00:29]} Bxf1
{[%clk 00:15:42]} {[%emt 00:00:17]} 25. Bxf7+ {[%clk 00:15:53]} {[%emt
00:00:06]} Kh8 {[%clk 00:15:48]} {[%emt 00:00:04]} 26. Ng6# {[%clk 00:15:59]}
{[%emt 00:00:04]} 1-0

[Event "British Rapidplay Championship 2023"]
[Site "Mercure Bradford, Bankfield Hotel"]
[Date "2023.04.15"]
[Round "1.34"]
[White "Appleyard, Tim"]
[Black "May, Paul"]
[Result "0-1"]
[TimeControl "All moves in 15 minutes plus 10 second increment per move from move 1"]
[WhiteElo "1139"]
[BlackElo "1860"]

1. e4 {[%clk 00:15:16]} {[%emt 00:00:03]} c5 {[%clk 00:15:19]} {[%emt
00:00:02]} 2. Bc4 {[%clk 00:15:22]} {[%emt 00:00:04]} a6 {[%clk 00:15:20]}
{[%emt 00:00:08]} 3. d3 {[%clk 00:15:16]} {[%emt 00:00:16]} e6 {[%clk
00:15:24]} {[%emt 00:00:07]} 4. f4 {[%clk 00:14:41]} {[%emt 00:00:45]} b5
{[%emt 00:00:39]} 5. Bb3 {[%clk 00:14:39]} Bb7 {[%clk 00:15:08]} {[%emt
00:00:08]} 6. Nf3 {[%clk 00:14:21]} {[%emt 00:00:29]} Qc7 {[%clk 00:14:31]}
{[%emt 00:00:47]} 7. Nbd2 {[%clk 00:12:54]} {[%emt 00:01:36]} Nf6 {[%clk
00:14:18]} {[%emt 00:00:23]} 8. e5 {[%clk 00:11:25]} {[%emt 00:01:39]} Nd5
{[%clk 00:14:03]} {[%emt 00:00:25]} 9. Ne4 {[%clk 00:10:31]} {[%emt 00:01:04]}
Be7 {[%clk 00:12:54]} {[%emt 00:01:19]} 10. O-O {[%clk 00:09:26]} {[%emt
00:01:16]} c4 {[%clk 00:12:13]} {[%emt 00:00:51]} 11. dxc4 {[%clk 00:08:54]}
{[%emt 00:00:42]} bxc4 {[%clk 00:12:21]} {[%emt 00:00:03]} 12. Ba4 {[%clk
00:08:57]} {[%emt 00:00:06]} Nb6 {[%clk 00:12:24]} {[%emt 00:00:07]} 13. Nd6+
{[%clk 00:08:02]} {[%emt 00:01:04]} Bxd6 {[%clk 00:12:26]} {[%emt 00:00:09]} 14.
exd6 {[%clk 00:08:04]} {[%emt 00:00:08]} Qc5+ {[%clk 00:12:33]} {[%emt
00:00:03]} 15. Qd4 {[%clk 00:07:42]} {[%emt 00:00:32]} Qxd4+ {[%clk 00:12:22]}
{[%emt 00:00:21]} 16. Nxd4 {[%clk 00:07:49]} {[%emt 00:00:03]} Nxa4 {[%clk
00:12:29]} {[%emt 00:00:03]} 17. Re1 {[%clk 00:06:47]} {[%emt 00:01:12]} Nc6
{[%clk 00:12:19]} {[%emt 00:00:19]} 18. Nf5 {[%clk 00:06:22]} {[%emt 00:00:36]}
O-O {[%clk 00:12:11]} {[%emt 00:00:18]} 19. Ne7+ {[%clk 00:05:19]} {[%emt
00:01:13]} Nxe7 {[%clk 00:12:10]} {[%emt 00:00:10]} 20. dxe7 {[%clk 00:05:25]}
{[%emt 00:00:04]} Rfe8 {[%clk 00:12:13]} {[%emt 00:00:09]} 21. f5 {[%clk
00:05:12]} {[%emt 00:00:23]} Rxe7 {[%clk 00:12:07]} {[%emt 00:00:14]} 22. Bg5
{[%clk 00:04:59]} {[%emt 00:00:24]} f6 {[%clk 00:12:07]} {[%emt 00:00:10]} 23.
Bf4 {[%clk 00:03:40]} {[%emt 00:01:28]} e5 {[%clk 00:12:07]} {[%emt 00:00:10]}
24. Bd2 {[%clk 00:03:12]} {[%emt 00:00:38]} d5 {[%clk 00:11:58]} {[%emt
00:00:20]} 25. Bb4 {[%clk 00:03:13]} {[%emt 00:00:09]} Rd7 {[%clk 00:11:59]}
{[%emt 00:00:08]} 26. b3 {[%clk 00:03:03]} {[%emt 00:00:21]} a5 {[%clk
00:11:27]} {[%emt 00:00:42]} 27. Bd2 {[%clk 00:02:10]} {[%emt 00:01:03]} cxb3
{[%clk 00:10:55]} {[%emt 00:00:41]} 28. axb3 {[%clk 00:01:56]} {[%emt
00:00:24]} Nc5 {[%clk 00:10:31]} {[%emt 00:00:34]} 29. b4 {[%clk 00:02:01]}
{[%emt 00:00:07]} axb4 {[%clk 00:10:33]} {[%emt 00:00:07]} 30. Rxa8+ {[%clk
00:01:54]} {[%emt 00:00:17]} Bxa8 {[%clk 00:10:39]} {[%emt 00:00:03]} 31. Bxb4
{[%clk 00:02:03]} {[%emt 00:00:01]} Ne4 {[%clk 00:10:07]} {[%emt 00:00:41]} 32.
g4 {[%clk 00:02:02]} {[%emt 00:00:13]} Ng5 {[%clk 00:10:00]} {[%emt 00:00:16]}
33. Kf2 {[%clk 00:01:51]} {[%emt 00:00:22]} Rc7 {[%clk 00:09:27]} {[%emt
00:00:42]} 34. c3 {[%clk 00:01:51]} {[%emt 00:00:11]} Ne4+ {[%clk 00:09:08]}
{[%emt 00:00:28]} 35. Ke3 {[%clk 00:01:49]} {[%emt 00:00:13]} Nxc3 {[%clk
00:09:09]} {[%emt 00:00:07]} 36. Rc1 {[%clk 00:01:50]} {[%emt 00:00:11]} d4+
{[%clk 00:09:13]} {[%emt 00:00:06]} 37. Kd2 {[%clk 00:01:55]} {[%emt 00:00:05]}
Ne4+ {[%clk 00:09:11]} {[%emt 00:00:12]} 38. Kd1 {[%clk 00:01:56]} {[%emt
00:00:10]} Rxc1+ {[%clk 00:09:06]} {[%emt 00:00:13]} 39. Kxc1 {[%emt 00:00:04]}
Nf2 {[%clk 00:09:16]} {[%emt 00:00:07]} 40. h4 {[%clk 00:02:23]} {[%emt
00:00:03]} Nxg4 {[%clk 00:09:22]} {[%emt 00:00:03]} 41. Kd2 {[%clk 00:02:22]}
{[%emt 00:00:12]} Be4 {[%clk 00:09:26]} {[%emt 00:00:03]} 42. h5 {[%clk
00:02:21]} {[%emt 00:00:14]} Bxf5 {[%clk 00:09:30]} {[%emt 00:00:06]} 43. Ke2
{[%clk 00:02:18]} {[%emt 00:00:13]} g6 {[%clk 00:09:26]} {[%emt 00:00:14]} 44.
Be7 {[%clk 00:02:05]} {[%emt 00:00:23]} Kf7 {[%clk 00:09:32]} {[%emt 00:00:03]}
45. Bb4 {[%clk 00:01:32]} {[%emt 00:00:44]} gxh5 {[%clk 00:09:36]} {[%emt
00:00:05]} 46. Kf3 {[%clk 00:01:31]} {[%emt 00:00:11]} Ke6 {[%clk 00:09:20]}
{[%emt 00:00:26]} 47. Kg3 {[%clk 00:01:24]} {[%emt 00:00:18]} Kd5 {[%clk
00:09:17]} {[%emt 00:00:12]} 48. Kh4 {[%clk 00:01:18]} {[%emt 00:00:16]} Bg6
{[%clk 00:09:19]} {[%emt 00:00:08]} 49. Bd2 {[%clk 00:01:21]} {[%emt 00:00:08]}
Ke4 {[%clk 00:09:20]} {[%emt 00:00:08]} 50. Kg3 {[%clk 00:00:55]} {[%emt
00:00:36]} Kd3 {[%clk 00:09:23]} {[%emt 00:00:07]} 51. Be1 {[%clk 00:00:36]}
{[%emt 00:00:30]} Ke2 {[%clk 00:09:22]} {[%emt 00:00:10]} 52. Bb4 {[%clk
00:00:32]} {[%emt 00:00:15]} d3 {[%emt 00:00:55]} 0-1

[Event "British Rapidplay Championship 2023"]
[Site "Mercure Bradford, Bankfield Hotel"]
[Date "2023.04.16"]
[Round "10.2"]
[White "Larchikov, Maksym"]
[Black "Deepak Ambattu, Rithvik"]
[Result "1-0"]
[TimeControl "All moves in 15 minutes plus 10 second increment per move from move 1"]
[WhiteElo "2045"]
[BlackElo "1782"]

1. d4 {[%clk 00:15:18]} {[%emt 00:00:02]} Nf6 {[%clk 00:15:17]} {[%emt
00:00:03]} 2. Nf3 {[%clk 00:15:25]} {[%emt 00:00:03]} g6 {[%clk 00:15:25]}
{[%emt 00:00:02]} 3. c4 {[%clk 00:15:32]} {[%emt 00:00:02]} Bg7 {[%clk
00:15:33]} {[%emt 00:00:02]} 4. Nc3 {[%clk 00:15:40]} {[%emt 00:00:03]} d5
{[%clk 00:15:42]} {[%emt 00:00:02]} 5. Bg5 {[%clk 00:15:46]} {[%emt 00:00:04]}
c6 {[%clk 00:15:17]} {[%emt 00:00:34]} 6. e3 {[%clk 00:15:05]} {[%emt
00:00:51]} O-O {[%clk 00:15:23]} {[%emt 00:00:03]} 7. Bxf6 {[%clk 00:14:17]}
{[%emt 00:00:59]} Bxf6 {[%clk 00:15:30]} {[%emt 00:00:03]} 8. cxd5 {[%clk
00:14:24]} {[%emt 00:00:03]} cxd5 {[%clk 00:15:38]} {[%emt 00:00:02]} 9. Qb3
{[%clk 00:14:31]} {[%emt 00:00:03]} e6 {[%clk 00:15:31]} {[%emt 00:00:17]} 10.
Bd3 {[%clk 00:14:29]} {[%emt 00:00:12]} Nc6 {[%clk 00:15:37]} {[%emt 00:00:05]}
11. Rc1 {[%clk 00:13:58]} {[%emt 00:00:40]} Bd7 {[%clk 00:14:38]} {[%emt
00:01:09]} 12. O-O {[%clk 00:12:28]} {[%emt 00:01:40]} Na5 {[%clk 00:13:55]}
{[%emt 00:00:53]} 13. Qd1 {[%clk 00:11:10]} {[%emt 00:01:27]} Rc8 {[%clk
00:13:11]} {[%emt 00:00:55]} 14. Nd2 {[%clk 00:10:47]} {[%emt 00:00:33]} Qe7
{[%clk 00:11:16]} {[%emt 00:02:06]} 15. a3 {[%clk 00:10:01]} {[%emt 00:00:55]}
a6 {[%clk 00:08:32]} {[%emt 00:02:54]} 16. b4 {[%clk 00:09:38]} {[%emt
00:00:33]} Nc6 {[%clk 00:07:20]} {[%emt 00:01:23]} 17. Na4 {[%clk 00:09:38]}
{[%emt 00:00:10]} Na7 {[%clk 00:05:44]} {[%emt 00:01:46]} 18. Rxc8 {[%clk
00:06:00]} {[%emt 00:03:47]} Rxc8 {[%clk 00:05:24]} {[%emt 00:00:28]} 19. Nb6
{[%clk 00:05:42]} {[%emt 00:00:30]} Rc3 {[%clk 00:04:49]} {[%emt 00:00:45]} 20.
Nb3 {[%clk 00:04:59]} {[%emt 00:00:53]} Rc6 {[%clk 00:02:10]} {[%emt 00:02:49]}
21. Nxd7 {[%clk 00:04:35]} {[%emt 00:00:34]} Qxd7 {[%clk 00:02:18]} {[%emt
00:00:02]} 22. Nc5 {[%clk 00:04:33]} {[%emt 00:00:11]} Qc7 {[%clk 00:01:46]}
{[%emt 00:00:43]} 23. f4 {[%clk 00:04:15]} {[%emt 00:00:27]} a5 {[%clk
00:01:12]} {[%emt 00:00:45]} 24. Qb3 {[%clk 00:02:32]} {[%emt 00:01:53]} axb4
{[%clk 00:01:06]} {[%emt 00:00:16]} 25. axb4 {[%clk 00:02:32]} {[%emt
00:00:10]} b6 {[%clk 00:00:46]} {[%emt 00:00:30]} 26. b5 {[%clk 00:02:39]}
{[%emt 00:00:03]} bxc5 {[%clk 00:00:42]} {[%emt 00:00:14]} 27. bxc6 {[%clk
00:02:46]} {[%emt 00:00:03]} c4 {[%clk 00:00:43]} {[%emt 00:00:09]} 28. Qb7
{[%clk 00:02:54]} {[%emt 00:00:01]} Qxc6 {[%clk 00:00:42]} {[%emt 00:00:11]} 29.
Qxc6 {[%clk 00:02:44]} {[%emt 00:00:21]} Nxc6 {[%clk 00:00:51]} {[%emt
00:00:01]} 30. Be2 {[%clk 00:02:48]} {[%emt 00:00:05]} Na5 {[%clk 00:00:47]}
{[%emt 00:00:15]} 31. Rb1 {[%clk 00:02:36]} {[%emt 00:00:22]} Nb3 {[%clk
00:00:32]} {[%emt 00:00:25]} 32. Bd1 {[%clk 00:02:15]} {[%emt 00:00:31]} Nd2
{[%clk 00:00:37]} {[%emt 00:00:05]} 33. Rc1 {[%clk 00:02:16]} {[%emt 00:00:07]}
Be7 {[%clk 00:00:30]} {[%emt 00:00:18]} 34. Rc2 {[%clk 00:01:09]} {[%emt
00:01:17]} Bb4 {[%clk 00:00:11]} {[%emt 00:00:31]} 35. Bf3 {[%clk 00:00:49]}
{[%emt 00:00:29]} Nb3 {[%clk 00:00:15]} {[%emt 00:00:07]} 36. Bd1 {[%clk
00:00:33]} {[%emt 00:00:25]} Nd2 {[%clk 00:00:21]} {[%emt 00:00:04]} 37. Kf2
{[%clk 00:00:35]} {[%emt 00:00:07]} Ne4+ {[%clk 00:00:30]} {[%emt 00:00:02]} 38.
Kf3 {[%clk 00:00:21]} {[%emt 00:00:23]} Kf8 {[%clk 00:00:18]} {[%emt 00:00:21]}
39. Be2 {[%clk 00:00:27]} {[%emt 00:00:06]} Nd2+ {[%clk 00:00:25]} {[%emt
00:00:03]} 40. Kf2 {[%clk 00:00:31]} {[%emt 00:00:04]} Nb3 {[%clk 00:00:20]}
{[%emt 00:00:16]} 1-0